<?xml version="1.0" encoding="UTF-8"?>
<record
    xmlns:xsi="http://www.w3.org/2001/XMLSchema-instance"
    xsi:schemaLocation="http://www.loc.gov/MARC21/slim http://www.loc.gov/standards/marcxml/schema/MARC21slim.xsd"
    xmlns="http://www.loc.gov/MARC21/slim">

  <leader>02398cam a2200301 i 4500</leader>
  <datafield tag="999" ind1=" " ind2=" ">
    <subfield code="c">7926</subfield>
    <subfield code="d">7926</subfield>
  </datafield>
  <controlfield tag="001">991061160074806706</controlfield>
  <controlfield tag="003">OSt</controlfield>
  <controlfield tag="005">20240828113913.0</controlfield>
  <controlfield tag="008">240715e202405  spc           000 0 spa c</controlfield>
  <datafield tag="017" ind1=" " ind2=" ">
    <subfield code="a">DL B 8606-2024</subfield>
    <subfield code="b">Biblioteca de Catalunya</subfield>
  </datafield>
  <datafield tag="020" ind1=" " ind2=" ">
    <subfield code="a">9788410328051</subfield>
  </datafield>
  <datafield tag="040" ind1=" " ind2=" ">
    <subfield code="a">ES-TaURV</subfield>
    <subfield code="b">cat</subfield>
    <subfield code="e">rda</subfield>
    <subfield code="c">CDMR</subfield>
  </datafield>
  <datafield tag="245" ind1="0" ind2="3">
    <subfield code="a">El mapa de la crisis ambiental en Espa&#xF1;a :</subfield>
    <subfield code="b">conflictos en la transici&#xF3;n ecol&#xF3;gica y sus soluciones /</subfield>
    <subfield code="c">Antonio Cerrillo (coordinador)</subfield>
  </datafield>
  <datafield tag="264" ind1=" " ind2="1">
    <subfield code="a">[Vilassar de Dalt] :</subfield>
    <subfield code="b">Icaria Editoral,</subfield>
    <subfield code="c">2024</subfield>
  </datafield>
  <datafield tag="300" ind1=" " ind2=" ">
    <subfield code="a">253 p&#xE0;gines ;</subfield>
    <subfield code="c">23 cm</subfield>
  </datafield>
  <datafield tag="490" ind1="1" ind2=" ">
    <subfield code="a">Antrazyt ;</subfield>
    <subfield code="v">543. Ecolog&#xED;a</subfield>
  </datafield>
  <datafield tag="505" ind1="8" ind2=" ">
    <subfield code="a">Cont&#xE9;: Do&#xF1;ana / Jos&#xE9; Bejarano &#x2013; Mar menor / Miguel &#xC1;ngel Ruiz &#x2013; La lucha a contrarreloj del delta del Ebro para no quedar sepultado por las aguas / Esteve Giralt &#x2013; El dilema de la ampliaci&#xF3;n del aeropuerto y la protecci&#xF3;n del delta del Llobregat / David Guerrero &#x2013; Ciudades adaptadas al cambio clim&#xE1;tico, propuestas y resistencias / Antonio Cerrillo &#x2013; El derecho a un aire limpio en calles y plazas / Carlos Fresneda &#x2013; La regi&#xF3;n de Barcelona se asoma al abismo con sequ&#xED;as repetidas y amenazantes / Guillem Costa, Antonio Cerrillo &#x2013; La vulnerabilidad del r&#xED;o Tajo por su trasvase al sudeste / Valle S&#xE1;nchez &#x2013; La Espa&#xF1;a vac&#xED;a se llena de parques e&#xF3;licos / Antonio Cerrillo &#x2013; El impacto del boom de las macrogranjas / Ra&#xFA;l Rej&#xF3;n &#x2013; Los intentos de unir estaciones de esqu&#xED; a trav&#xE9;s de un valle virgen del Pirineo aragon&#xE9;s / Ismael Arana &#x2013; C&#xF3;mo reinventar el paisaje rural para sobreponerse a los fuegos / Pedro C&#xE1;ceres &#x2013; Obras costeras fuera de norma en un territorio vulnerable / Marta Montojo &#x2013; Balsas de fosfoyesos / Jos&#xE9; Mar&#xED;a Montero Sandoval &#x2013; La miner&#xED;a de metal / Rosa M. Trist&#xE1;n &#x2013; Los tres fracasos de los residuos municipales / A.C. &#x2013; El aullido de la manada / Rosa M. Trist&#xE1;n &#x2013; El oso pardo sale de la UCI / Mar&#xED;a Garc&#xED;a de la Fuente &#x2013; Agricultura y conservaci&#xF3;n de las aves / Javier Rico</subfield>
  </datafield>
  <datafield tag="650" ind1=" " ind2="7">
    <subfield code="a">Canvis clim&#xE0;tics</subfield>
    <subfield code="z">Espanya.</subfield>
    <subfield code="2">lemac</subfield>
  </datafield>
  <datafield tag="650" ind1=" " ind2="0">
    <subfield code="a">Periodisme cient&#xED;fic</subfield>
    <subfield code="z">Espanya</subfield>
    <subfield code="9">2804</subfield>
  </datafield>
  <datafield tag="650" ind1=" " ind2="0">
    <subfield code="a">Mitjans de comunicaci&#xF3; de massa i medi ambient</subfield>
    <subfield code="z">Espanya</subfield>
    <subfield code="9">2077</subfield>
  </datafield>
  <datafield tag="650" ind1=" " ind2="7">
    <subfield code="a">Medi ambient</subfield>
    <subfield code="x">Protecci&#xF3;</subfield>
    <subfield code="z">Espanya.</subfield>
    <subfield code="2">lemac</subfield>
  </datafield>
  <datafield tag="700" ind1="1" ind2=" ">
    <subfield code="a">Cerrillo, Antonio,</subfield>
  </datafield>
  <datafield tag="830" ind1=" " ind2="0">
    <subfield code="a">Antrazyt ;</subfield>
    <subfield code="v">543</subfield>
  </datafield>
  <datafield tag="830" ind1=" " ind2="0">
    <subfield code="a">Antrazyt.</subfield>
    <subfield code="p">Ecolog&#xED;a</subfield>
  </datafield>
  <datafield tag="908" ind1=" " ind2=" ">
    <subfield code="a">URV</subfield>
    <subfield code="a">UOC</subfield>
  </datafield>
  <datafield tag="940" ind1=" " ind2=" ">
    <subfield code="a">CVA27</subfield>
  </datafield>
  <datafield tag="942" ind1=" " ind2=" ">
    <subfield code="2">udc</subfield>
    <subfield code="c">MON</subfield>
  </datafield>
  <datafield tag="952" ind1=" " ind2=" ">
    <subfield code="0">0</subfield>
    <subfield code="1">0</subfield>
    <subfield code="4">0</subfield>
    <subfield code="7">0</subfield>
    <subfield code="a">CDMR</subfield>
    <subfield code="b">CDMR</subfield>
    <subfield code="d">2024-08-28</subfield>
    <subfield code="e">Donaci&#xF3;</subfield>
    <subfield code="g">19.75</subfield>
    <subfield code="l">1</subfield>
    <subfield code="o">Di /59</subfield>
    <subfield code="p">CDMR24080001</subfield>
    <subfield code="r">2025-01-13</subfield>
    <subfield code="s">2025-01-07</subfield>
    <subfield code="w">2024-08-28</subfield>
    <subfield code="y">MON</subfield>
  </datafield>
</record>
